000 01054nam0a2200289 4500
001 RU\NLR\bibl\1187423
005 20250615094053.0
010 _a5-9561-0011-7
035 _a(NLR Aleph) 001173996
090 _a1615318
_c1615318
100 _a20080212d2003 |||y0rusy50 ca
101 1 _arus
_ceng
102 _aRU
105 _aa |||||||||
200 1 _aВышивка
_eэнциклопедия
_e[более 200 вариантов вышивки с поясняющими рисунками]
_fБетти Барнден
_g[пер. с англ. И.А. Лейтес, Я.В. Лагузинский]
210 _aМосква
_cАрт-Родник
_d2003 [cop.]
215 _a256 с.
_cцв. ил.
_d20
320 _aУказ.: с. 252-256
606 1 _aВышивание
_jЭнциклопедии
_92098550
_3RU\NLR\auth\661269473
686 _aМ482я20
700 1 _aБарнден
_bБ.
_gБетти
_4070
801 0 _aRU
_bNLR
_c20080212
_gRCR
801 1 _aRU
_bNLR
_c20080212
830 _aпо кн
942 _cBOOK
980 _aNB